00726nam a22001817a 450000500170000001000130001702000260003003500130005608200110006924500900008026000480017027000590021830000250027770000240030294200250032699900170035195201760036820110801115042.0 aB-423722 a9788173053849c595.00 aB-423722 a811.09 aThe concept of rasa:bwith special references to Ahbinavaguptacedited by S.C. Pande  aNew DelhibAryan Books International c2009 aPooja Apartments, 4B, Ansari Road, bNew Delhie110002 axxvi, 261pc24cm(Hb) aPande, S.C. 930624 2ddccENmCONh811.09 c54600d54600 001040708NFICaLbLd2011-08-11eAllied Publishers/CR/0002704/17.3.11/75/4.3.11/17.3.11g595.00l0o811.09 CONpB-423722r2011-08-11 00:00:00t1v595.00w2011-08-11yEN